| 000 | 00453nam a2200169 a 4500 | ||
|---|---|---|---|
| 001 | 131 | ||
| 003 | CDMR | ||
| 005 | 20130529125903.0 | ||
| 008 | 130130s1989||||||||||||||||||||||||||||d | ||
| 040 |
_aCDMR _bcat _cCDMR |
||
| 100 | 1 |
_aBlasi i Birbe, Ferran _9108 |
|
| 245 | 1 | 0 |
_aAl pas dels dies _cFerran Blasi i Birbe |
| 260 |
_aBarcelona _c1989 _bEdicions Rondes |
||
| 300 |
_a125 p ; _c21 cm |
||
| 650 | 0 | 4 |
_aPeriodistes _vRecull d'escrits _93430 |
| 942 |
_cMON _2udc |
||
| 999 |
_c131 _d131 |
||